000
00335nam a2200121Ia 4500
008
170221s9999 xx 000 0 und d
245
_a
STUDY ON LABOR CHARACTERISTICS IN NETWORK ECONOMY
260
_b
Management & Marketing
260
_c
2016
300
_a
15 : 12
650
_x
Marketing.
856
_u
http://www.mnmk.ro/en/nrcrt.php
999
_c
312297
_d
312297